000 00554nam a22001937a 4500
005 20251108172805.0
008 250721s1999 xx 000 0 ara d
082 1 4 _a110/ملح
100 1 _aبو ملحم، علي
245 1 0 _aما وراء الطبيعة - نحو رؤية جديدة /
264 1 _aبيروت :
_bدار المواسم،
_c1999.
300 _a231 ص
650 1 7 _aالميتافيزيقا
650 1 7 _aعلم الكونيات
650 1 7 _aالسببيه
650 1 7 _aالفلسفه
942 _2ddc
_cBK
999 _c88581
_d88581